El curriculum básico
Spremljeno u:
| Glavni autor: | |
|---|---|
| Format: | Knjiga |
| Jezik: | španjolski |
| Izdano: |
Barcelona
Paidos
1989
|
| Serija: | Temas de Educación
|
| Teme: | |
| Oznake: |
Dodaj oznaku
Bez oznaka, Budi prvi tko označuje ovaj zapis!
|
MARC
| LEADER | 00000nam a2200000 a 4500 | ||
|---|---|---|---|
| 001 | UCW7615 | ||
| 003 | CL-VaPUC | ||
| 008 | 930519e19890000SP |||||||||||||||||spa|d | ||
| 082 | 0 | 4 | |a 372.19 |b KIR |2 21 |
| 100 | 0 | |a Kirk, Gordon |e author |9 312824 | |
| 245 | 1 | 3 | |a El curriculum básico |
| 300 | |a 119 p | ||
| 942 | |c BK | ||
| 945 | |d 19930519 00:00:00 | ||
| 260 | |a Barcelona |b Paidos |c 1989 | ||
| 650 | 0 | |a Educación básica |9 224933 | |
| 650 | 0 | |a Currículo |9 307290 | |
| 583 | |a last modification |c 19930519 00:00:00 |k Rodrigo Vera | ||
| 490 | 0 | |a Temas de Educación | |
| 999 | |c 220323 |d 220321 | ||
| 952 | |0 0 |1 0 |4 0 |6 372_190000000000000_KIR_1989 |7 0 |8 A |9 212359 |a BIBEDU |b BIBEDU |d 2019-11-15 |i 2805901 |o 372.19 KIR 1989 |p 2805901 |r 2019-11-15 |w 2019-11-15 |y BK |k EDU | ||
| 952 | |0 0 |1 0 |4 0 |6 372_190000000000000_KIR_1989 |7 0 |8 A |9 212360 |a BIBEDU |b BIBEDU |d 2019-11-15 |i 280591K |o 372.19 KIR 1989 |p 280591K |r 2019-11-15 |w 2019-11-15 |y BK |k EDU | ||